| 000 | 01014nam a2200277 i 4500 | ||
|---|---|---|---|
| 001 | 104900 | ||
| 003 | ES-MaACL | ||
| 005 | 20230906183723.0 | ||
| 007 | t| | ||
| 008 | 060523s1992 fr |||| | fre d | ||
| 020 | _a2-213-020057-4 | ||
| 080 | _a1 "16" | ||
| 080 | _a16 "16" | ||
| 100 | 1 |
_aMariotte, Edme. _976883 |
|
| 245 | 1 | 0 |
_aEssai de logique / _cMariotte ; suivi de l'écrit intitulé Les principes du devoir et des connaissances humains / attribué áa Roberval. |
| 260 |
_a[Paris] : _bFayard, _c[1992] |
||
| 300 |
_a206 p. ; _c23 cm. |
||
| 490 | 1 | _aCorpus des oeuvres de philosophie en langue française | |
| 650 | 1 | 4 |
_aFilosofía- _yS.XVII. _912824 |
| 650 | 4 |
_aLógica- _yS. XVII. _914696 |
|
| 700 | 1 |
_aRoverbal, Gilles Personne de. _9100120 |
|
| 740 | 4 | 2 | _aLes principes du devoir et des connaissances humaines. |
| 830 | 0 |
_aCorpus des oeuvres de philosophie en langue française _9183730 |
|
| 852 |
_aES-MaACL _jE-11219 _z. - Biblioteca Jacinto Martínez Lacalle |
||
| 999 |
_c104900 _d104900 |
||